000 00739nam a22002177a 4500
999 _c15661
_d15661
003 MIRAKIL
005 20240318121516.0
008 240318b tu ||||| |||| 00| 0 tur d
020 _a9789751607188
040 _aTR-AnCHP
_cTR-AnCHP
041 _atur
082 _a400
_bP66d 2022
100 _aPorzig, Walter
245 1 0 _aDil denen mucize :
_bDil biliminin araştırma konuları, yöntemleri ve ulaştığı sonuçlar /
_cWalter Porzig ; çeviren: Vural Ülkü
250 _a5. bsk.
260 _aAnkara :
_bTürk Dil Kurumu,
_c2018
300 _a276 s. ;
_c24 cm.
490 0 _aTürk Dil Kurumu Yayınları ;
_v617
856 _zDijital Nüshası için Partimizin Kütüphane Sorumlusu ile iletişime geçiniz.
942 _2ddc
_cBKS